2024/2025 Premier League Goalscorers: Gameweek 37 - Statistics

General Stats
  • This quiz has been taken 18 times
  • The average score is 21 of 31
Answer Stats
Fixture Club Score Goalscorer % Correct
Leicester v Ipswich Leicester 1-0 Jamie Vardy
94%
Brentford v Fulham Brentford 1-1 Bryan Mbeumo
88%
Arsenal v Newcastle Arsenal 1-0 Declan Rice
88%
West Ham v Nottingham Forest West Ham 2-1 Jarrod Bowen
88%
Brighton v Liverpool Brighton 2-2 Kaoru Mitoma
88%
Chelsea v Manchester United Chelsea 1-0 Marc Cucurella
88%
Manchester City v Bournemouth Manchester City 1-0 Omar Marmoush
88%
Brentford v Fulham Brentford 2-1 Yoane Wissa
88%
Crystal Palace v Wolves Crystal Palace 4-2 Eberechi Eze
81%
Aston Villa v Tottenham Aston Villa 1-0 Ezri Konsa
81%
Everton v Southampton Everton 1-0 Iliman Ndiaye
81%
Everton v Southampton Everton 2-0 Iliman Ndiaye
81%
West Ham v Nottingham Forest Nottingham Forest 2-0 Nikola Milenkovic
81%
Brentford v Fulham Fulham 1-0 Raul Jimenez
81%
Brighton v Liverpool Liverpool 1-0 Harvey Elliot
75%
Brighton v Liverpool Liverpool 2-1 Dominik Szoboszlai
69%
Crystal Palace v Wolves Crystal Palace 1-1 Eddie Nketiah
69%
Crystal Palace v Wolves Crystal Palace 2-1 Eddie Nketiah
69%
Crystal Palace v Wolves Wolves 3-2 Jorgen Strand Larsen
69%
West Ham v Nottingham Forest Nottingham Forest 1-0 Morgan Gibbs-White
69%
Brentford v Fulham Fulham 2-2 Tom Cairney
69%
Aston Villa v Tottenham Aston Villa 2-0 Boubacar Kamara
63%
Brentford v Fulham Fulham 3-2 Harry Wilson
63%
Manchester City v Bournemouth Manchester City 2-0 Bernardo Silva
56%
Manchester City v Bournemouth Bournemouth 3-1 Dan Jebbison
56%
Crystal Palace v Wolves Wolves 1-0 Emmanuel Agbadou
50%
Leicester v Ipswich Leicester 2-0 Kasey McAteer
50%
Manchester City v Bournemouth Manchester City 3-0 Nico Gonzalez
38%
Crystal Palace v Wolves Crystal Palace 3-1 Ben Chilwell
31%
Brighton v Liverpool Brighton 1-1 Yasin Ayari
31%
Brighton v Liverpool Brighton 3-2 Jack Hinslewood
0%
No matching quizzes found
Score Distribution
Percent of People with Each Score
Percentile by Number Answered
Your Score History
You have not taken this quiz